| 000 | 01035cam a2200217 4500 | ||
|---|---|---|---|
| 001 | WB3801-28 | ||
| 008 | 020108n2002 000 0 eng u | ||
| 035 | _a(Sirsi) u116190 | ||
| 245 | _aStandards and low-cost ownership schemes | ||
| 260 | _c2002 | ||
| 490 |
_aInside Housing _v4 January 2002, 7(1) |
||
| 520 | _aA report by the Joseph Rowntree Foundation reveals that in 2000 the demand for low-cost home ownership schemes in London was 31 times higher than the number of schemes available. The report recommends that housing associations involved in ownership schemes should meet strict performance standards to reduce the wide differences in the amounts paid by their residents. To obtain a copy of "Swamps and Alligators", priced £13.95, contact the Joseph Rowntree Foundation. T: +44 (0) 1904 430033. | ||
| 590 | _aWB | ||
| 650 | _aJOSEPH ROWNTREE FOUNDATION | ||
| 650 | _aLOW-COST HOMES | ||
| 650 | _aHOME OWNERSHIP | ||
| 650 | _aHOUSING ASSOCIATIONS | ||
| 650 | _aSTANDARDS | ||
| 690 | _aHOUSING | ||
| 942 | _n0 | ||
| 999 |
_c69217 _d69217 |
||